Countries named "Ya" (亞/亚) in Chinese - Statistics

General Stats
  • This quiz has been taken 394 times
  • The average score is 24 of 35
Answer Stats
Pinyin 國家 Country % Correct
A Er Ba Ni Ya 阿爾巴尼亞 Albania
87%
Li Bi Ya 利比亞 Libya
87%
Ma Lai Xi Ya 馬來西亞 Malaysia
87%
Zan Bi Ya 贊比亞 Zambia
86%
Na Mi Bi Ya 納米比亞 Namibia
84%
Tu Ni Xi Ya 突尼西亞 Tunisia
83%
Bo Li Wei Ya 玻利維亞 Bolivia
82%
Gang Bi Ya 岡比亞 Gambia
80%
A Er Ji Li Ya 阿爾及利亞 Algeria
79%
Luo Ma Ni Ya 羅馬尼亞 Romania
79%
Ao Da Li Ya 澳大利亞 Australia
78%
Tan Sang Ni Ya 坦桑尼亞 Tanzania
78%
Gui Ya Na 圭亞那 Guyana
76%
Mao Li Ta Ni Ya 毛里塔尼亞 Mauritania
76%
Sa Mo Ya 薩摩亞 Samoa
75%
Li Bi Li Ya 利比里亞 Liberia
73%
La Tuo Wei Ya 拉脫維亞 Latvia
72%
Ge Lun Bi Ya 哥倫比亞 Colombia
71%
Ya Mei Ni Ya 亞美尼亞 Armenia
70%
Ni Ri Li Ya 尼日利亞 Nigeria
69%
Ji Nei Ya 畿內亞 Guinea
68%
Si Luo Wen Ni Ya 斯洛文尼亞 Slovenia
66%
E Li Te Li Ya 厄立特里亞 Eritrea
63%
Sai Er Wei Ya 塞爾維亞 Serbia
63%
Ji Nei Ya Bi Shao 幾內亞比紹 Guinea Bissau
62%
Bao Jia Li Ya 保加利亞 Bulgaria
60%
Ba Bu Ya Xin Ji Nei Ya 巴布亞新畿內亞 Papua New Guinea
59%
Xu Li Ya 敘利亞 Syria
58%
Mi Ke Luo Ni Xi Ya Lian Bang 密克羅尼西亞聯邦 Federated States of Micronesia
55%
Ge Lu Ji Ya 格魯吉亞 Georgia
49%
Sheng Lu Xi Ya 聖盧西亞 St Lucia
49%
Ai Sha Ni Ya 愛沙尼亞 Estonia
47%
Ai Sai E Bi Ya 埃塞俄比亞 Ethiopia
46%
Ke Luo Di Ya 克羅地亞 Croatia
44%
Chi Dao Ji Nei Ya 赤道畿內亞 Equatorial Guinea
44%
No matching quizzes found
Score Distribution
Percent of People with Each Score
Percentile by Number Answered
Your Score History
You have not taken this quiz